|
|
|
|
| LEADER |
00932naa a2200217 i 4500 |
| 001 |
acta72859 |
| 005 |
20230327103035.0 |
| 008 |
210618s2021 hu o 0|| eng d |
| 020 |
|
|
|a 978 963 306 794 9
|
| 040 |
|
|
|a SZTE Egyetemi Kiadványok Repozitórium
|b hun
|
| 041 |
|
|
|a eng
|
| 100 |
1 |
|
|a Hegedűs Gyöngyi
|
| 245 |
1 |
0 |
|a Where is paradise?
|h [elektronikus dokumentum] :
|b the psychological foundations of the idea of afterlife in medieval Islamic and Jewish thought /
|c Hegedűs Gyöngyi
|
| 260 |
|
|
|c 2021
|
| 300 |
|
|
|a 215-229
|
| 490 |
0 |
|
|a Altaic and Chagatay lectures : studies in honour of Éva Kincses-Nagy
|
| 650 |
|
4 |
|a Bölcsészettudományok
|
| 650 |
|
4 |
|a Történettudomány és régészet
|
| 650 |
|
4 |
|a Filozófia, etika és vallástudományok
|
| 695 |
|
|
|a Vallástörténet - középkor, Vallástörténet - iszlám
|
| 856 |
4 |
0 |
|u http://acta.bibl.u-szeged.hu/72859/1/altaic_and_chagatay_lectures_215-229.pdf
|z Dokumentum-elérés
|